Základy práva duševného vlastníctva
Enregistré dans:
| Auteur principal: | |
|---|---|
| Format: | Livre |
| Langue: | slovaque |
| Publié: |
Bratislava
Iura Edition
2012
|
| Collection: | Právna monografia
|
| Sujets: | |
| Tags: |
Pas de tags, Soyez le premier à ajouter un tag!
|
MARC
| LEADER | 00000nam a2200000 4500 | ||
|---|---|---|---|
| 001 | 0224976 | ||
| 005 | 20240314113801.4 | ||
| 020 | |a 978-80-8078-476-8 | ||
| 041 | 0 | |a slo | |
| 044 | |a SK | ||
| 245 | 1 | 0 | |a Základy práva duševného vlastníctva |c Jarmila Lazíková |
| 264 | 1 | |a Bratislava |b Iura Edition |c 2012 | |
| 300 | |a 302 s. | ||
| 490 | 1 | |a Právna monografia | |
| 830 | 0 | |a Právna monografia | |
| 610 | 2 | 0 | |a právo |
| 610 | 2 | 0 | |a vlastníctvo duševné |
| 610 | 2 | 0 | |a právo autorské |
| 610 | 2 | 0 | |a licencie |
| 610 | 2 | 0 | |a kultúra |
| 610 | 2 | 0 | |a právo priemyselné |
| 610 | 2 | 0 | |a ochrana práv priemyselných |
| 610 | 2 | 0 | |a právo patentové |
| 610 | 2 | 0 | |a známky ochranné |
| 610 | 2 | 0 | |a právo medzinárodné |
| 610 | 2 | 0 | |a právo európske |
| 610 | 2 | 0 | |a Slovensko |
| 100 | 1 | |a Lazíková, Jarmila | |